Qui a dit cette réplique Marvel #13 - Statistiques

Statistiques générales
  • Ce quiz a été pris 531 fois
    164 depuis la dernière actualisation
  • Le résultat moyen est 9 sur 17
Statistiques - réponses
Hint Réplique Réponse % Correct
11 S'ils vous amochent vous les amochez, s'ils vous tuent... Vous vous relevez. Captain America (Steve Rogers)
96%
2 Tu vas regretter d'avoir tué ma mère et casser mon walkman ! Star Lord (Peter Quill)
96%
4 Tu as pris un cocktail au vibranium ? Iron man (Tony Stark)
92%
5 Vous ne me mettrez pas en prison. Vous ne mettrez jamais aucun des nôtres en prison. Vous savez pourquoi ? Black Widow (Natasha Romanoff)
73%
1 Décidez vous Coulson. Je commence à prendre parti pour ce type. Hawkeye (Clint Barton)
65%
13 Quelle joie de pouvoir enfin te rencontrer Spider man ! Nick Fury
63%
6 Vous voulez protéger le monde mais vous ne voulez pas qu'il change. Ultron
63%
15 Bien. Il restera quelqu'un pour les élevés. La sorcière rouge (Wanda Maximoff)
61%
17 Je termine ce que j'ai commencé pour qu'on puisse écouter de la musique en bossant. Rocket
53%
7 C'est dingue tout le monde à son gadget aujourd'hui. Falcon (Sam Wilson)
49%
12 Je suis limité par les technologies de mon temps, mais un jour ty trouveras les réponses est saches que ce jour la tu changeras le monde. Howard Stark
39%
10 Elle est horrible ton histoire. Morgan Stark
34%
9 Ne t'excuse jamais d'être le plus malin de la bande. Mysterio (Quentin Beck)
32%
14 En dépit de tous les défis que j'ai relevé ma reine s'inquiète toujours pour moi. Odin
28%
3 Je vous en prie, ouvrez les yeux. Jane Foster
9%
16 Comment pourrais je vous en vouloir Tony ? Vous avez ma gratitude. Aldrich Killian
7%
8 Mais j'ai les cheveux dans les yeux, les bottes serrent et le justaucorps me rentre dans les fesses. Kamala Khan
3%
Aucun quiz correspondant
Distribution des résultats
% des personnes avec chaque résultat
Percentile par nombre de réponses
Votre historique - résultats
Vous n’avez pas pris ce quiz depuis la dernière actualisation